1168 1408 1878 1336 1550 1317 1043 1473 1960 1906 1874 1652 1930 1222 1354 1981 1627 1808 1262 1197 1997 1199 1532 1878 1550 1907 1187 1978 1458 1023 1736 1335 1392 1867 1287 1467 1578 1323 1339 1602 1985 1312 1067 1289 1489 1338 1316 1588 1817 1363 1518 1386 1497 1206 1911 1725 1316 1067 1327 1909 1669 1042 1920 1693 1085 1840 1888 1700 1936 1221 1714 1741 1984 1414 1164 1127 1570 1818 1801 1226 1568 1490 1291 1840 1095 1072 1006 1841 1622 1300 1577 1619 1598 1636 1948 1285 1927 1971 1965 BCNSPRNW ULIB Ver.6.0+V

เปลี่ยนเป็นภาษาไทย

Change to English
 แสดงรายละเอียดบรรณานุกรม
  กลับหน้าหลัก

Brief Record : Get Marc (ISO 2709) : E-mail record : QR code < ปิดหน้าต่าง
LEADER : 00000nam 2200000uu 4500
001    13399127847
003     ULIB
008    211015s2563||||th 000 0 tha d
020    ^a9786168035580
060  0 ^aWS300^bช526t
100 0  ^aชาลินี มนต์เสรีนุสรณ์
245 00 ^aTextbook of supportive care in pediatric hematology and oncology =^bตำราการรักษาแบบประคับประคองผู้ป่วยโลหิตวิทยาและมะเร็งในเด็กและวัยรุ่น /^cบรรณาธิการ, ชาลินี มนต์เสรีนุสรณ์
250    ^aพิมพ์ครั้งที่ 1
260    ^aกรุงเทพฯ :^bโครงการตำรา วิทยาลัยแพทยศาสตร์พระมงกุฎเกล้า,^c2563
300    ^a245 หน้า :^bภาพประกอบ ;^c26 ซม
500    ^aกุมารเวชศาสตร์
504    ^aบรรณานุกรมท้ายบทและดัชนีท้ายเล่ม
505 2  ^aทักษะการติดต่อสื่อสารในผู้ป่วยเด็กทางโลหิตวิทยาและมะเร็ง --ภาวะฉุกเฉินทางมะเร็งวิทยา -- ภาวะใช้ร่วมกับเม็ดเลือดขาวนิวโทรฟิลต่ำ --การให้วัคซีนในผู้ป่วยทางโลหิตวิทยาและมะเร็งในเด็กและวัยรุ่น --ภาวะคลื่นไส้อาเจียนจากยาเคมีบำบัด -- การควบคุมความเจ็บปวด --ผลข้างเคียงระยะยาวจากการรักษาโรคมะเร็งในเด็ก --การดูแลแบบประคับประคองในผู้ป่วยเด็กระยะท้าย --การให้โลหิตและส่วนประกอบของโลหิตในผู้ป่วยระยะท้าย -- ผู้ป่วยกรณีศึกษา
546    ^aเนื้อหาเป็นภาษาไทย
650  7 ^aมะเร็ง^xผู้ป่วย^xการดูแล
650  7 ^aมะเร็ง^xการรักษาเพื่อบรรเทาอาการ
650  7 ^aมะเร็งในเด็ก
650  7 ^aมะเร็งในวัยรุ่น
650  7 ^aเลือด^xโรค^xการรักษา
650  7 ^aเลือด^xโรค^xการรักษาเพื่อบรรเทาอาการ
700 0  ^aชาลินี มนต์เสรีนุสรณ์,^eบรรณาธิการ
710 2  ^aวิทยาลัยแพทยศาสตร์พระมงกุฎเกล้า.^bโครงการตำรา
945    ^p300^l0^i28991
945    ^p300^l0^i28992
945    ^p300^l0^i28993
945    ^p300^l0^i28994
945    ^p300^l0^i28995
999    ^aกัณชพร จุลอักษร
รายการนี้ยังไม่มีแท็ก
คุณยังไม่ได้ล็อกอิน คุณสามารถมีกิจกรรมร่วมกับเว็บไซต์ได้ แต่ต้องล็อกอินก่อน ::
  ล็อกอิน

รายการสื่อสารสนเทศ

ลำดับที่ ประเภท เลขเรียก/บาร์โค้ด สถานที่ สถานะ
1. หนังสือสำรอง
หนังสือสำรอง
WS300 ช526t ฉ.1 
  Barcode: 28991
ห้องสมุดวิทยาเขตนครสวรรค์
►หนังสือทั่วไป:l:General Books
บนชั้น
2. วิทยาศาสตร์การแพทย์ และสุขภาพ
วิทยาศาสตร์การแพทย์ และสุขภาพ
WS300 ช526t ฉ.2 
  Barcode: 28992
ห้องสมุดวิทยาเขตนครสวรรค์
►หนังสือทั่วไป:l:General Books
บนชั้น
3. วิทยาศาสตร์การแพทย์ และสุขภาพ
วิทยาศาสตร์การแพทย์ และสุขภาพ
WS300 ช526t ฉ.3 
  Barcode: 28993
ห้องสมุดวิทยาเขตนครสวรรค์
►หนังสือทั่วไป:l:General Books
บนชั้น
4. วิทยาศาสตร์การแพทย์ และสุขภาพ
วิทยาศาสตร์การแพทย์ และสุขภาพ
WS300 ช526t ฉ.4 
  Barcode: 28994
ห้องสมุดวิทยาเขตนครสวรรค์
►หนังสือทั่วไป:l:General Books
บนชั้น
5. วิทยาศาสตร์การแพทย์ และสุขภาพ
วิทยาศาสตร์การแพทย์ และสุขภาพ
WS300 ช526t ฉ.5 
  Barcode: 28995
ห้องสมุดวิทยาเขตนครสวรรค์
►หนังสือทั่วไป:l:General Books
บนชั้น

รายการใกล้เคียง
    ผู้แต่ง [ชาลินี มนต์เสรีนุสรณ์]

    หัวเรื่อง [มะเร็ง ผู้ป่วย การดูแล]
    หัวเรื่อง [มะเร็งในเด็ก]
    หัวเรื่อง [มะเร็งในวัยรุ่น]

BibComment


ยังไม่เคยถูกคอมเมนท์

คอมเมนท์ทรัพยากรรายการนี้
  คอมเมนท์: Textbook of supp..


 Copyright 2026. Bcnsprnw @Library